| 000 | 00400nam a22001697a 4500 | ||
|---|---|---|---|
| 005 | 20180725103739.0 | ||
| 008 | 160514b xxu||||| |||| 00| 0 eng d | ||
| 020 | _a81-7224-865-2 | ||
| 041 | _aeng | ||
| 082 |
_b2290 _a658.3 |
||
| 100 |
_aGregory ,Moorhead _94615 |
||
| 245 | _aOrganizational Behavior | ||
| 260 |
_bJaico Books _c2000 |
||
| 300 | _a772p, | ||
| 650 |
_aManagement _9241 |
||
| 942 | _cBK | ||
| 999 |
_c835 _d835 |
||